| 000 | 00793nam a2200217 a 4500 | ||
|---|---|---|---|
| 005 | 20230310063544.0 | ||
| 008 | 991125s1995 mx 000 0 spa u | ||
| 020 | _a9688425486 | ||
| 035 | _aUPN01000058902 | ||
| 049 | _aCG | ||
| 050 | 4 |
_aJL1292 _bV66 |
|
| 245 | 0 | 3 |
_aLa voz de los votos : _bun análisis crítico de las elecciones de 1994 / _ccoord. Germán Pérez Fernández del Castillo, Arturo Alvarado M., Arturo Sánchez Gutiérrez. |
| 260 |
_aMéxico : _bFLACSO : _bM.A. Porrúa, _c1995. |
||
| 300 |
_a453 p. : _bcuadrs., gráfs. |
||
| 440 | 4 | _aLas ciencias sociales | |
| 650 | 2 |
_aElecciones _zMéxico _95520 |
|
| 700 | 1 |
_aPérez Fernández del Castillo, Germán, _ecoord. |
|
| 700 | 1 |
_aAlvarado M., Arturo, _ecoord. |
|
| 700 | 1 |
_aSánchez Gutiérrez, Arturo, _ecoord. |
|
| 905 | _aLibro | ||
| 999 |
_c58902 _d58902 |
||